000 00612cam a22001577a 4500
008 180718b1999 xxu||||| |||| 00| 0 eng d
082 _aAPPPA 98-99 PRA/21
100 _aPrashar, Sudarshan
245 _aTheft of power: a study of socio economic causes with special reference to Delhi Vidyut Board
_cby Sudarshan Prashar
260 _aNew Delhi
_bIndian Institute of Public Administration
_c1999
300 _a105p.
500 _aAn APPPA M.Phil. dissertation, 1998-99 (Guide: A.K. Sharma)
650 _aAPPPA
650 _aDelhi Vidyut Board - Social aspects
650 _aDelhi Vidyut Board - Economic aspects
999 _c486904
_d486904